Frontiers in Public Health

Enregistré dans:
Détails bibliographiques
Format: Publication en série
Langue:anglais
Publié: Lausanne Frontiers Media SA
Tags: Ajouter un tag
Pas de tags, Soyez le premier à ajouter un tag!

MARC

LEADER 00000nls a2200000 4500
001 0288445
005 20260205090239.1
022 |a 2296-2565 
041 0 |a eng 
044 |a CH 
245 1 0 |a Frontiers in Public Health 
264 1 |a Lausanne  |b Frontiers Media SA